| 000 | 01210cab a2200229 4500 | ||
|---|---|---|---|
| 001 | ##L136199 | ||
| 008 | 070117n2007 000 0 eng u | ||
| 035 | _a(Sirsi) u136199 | ||
| 041 | 0 | _aeng | |
| 100 | 1 | _aForrest, Jeffrey | |
| 245 | 0 | 0 |
_aHiPs _bso far |
| 260 | _c2007 | ||
| 490 | 0 |
_aSolicitors' Journal _v151(1) 5 January 2007, 7-8(2) |
|
| 520 | _aProvides an update on Home Information Packs (HIPs). Explains the background to HIPs and the reasons for improving the conveyancing system. Discusses the impact of government dropping mandatory home condition reports from HIPs, and suggests this has removed the logical justification for HIPs. Looks at the take up of HIPs in the pilot schemes and highlights concerns over the objectivity of the pilots. Also points to gaps and ambiguities in the Home Information Pack Regulations 2006 and considers what the real cost of HIPs will be. | ||
| 590 | _aKA | ||
| 650 | 2 | 4 | _aHOME INFORMATION PACK REGULATIONS 2006 |
| 650 | 2 | 4 | _aHOUSING ACT 2004 PART V |
| 650 | 2 | 4 | _aHOME INFORMATION PACKS |
| 651 | 4 |
_aEngland and Wales _y1543- |
|
| 690 | _aPROPERTY-RESIDENTIAL PROPERTY-ACQUISITION AND DISPOSAL OF RESIDENTIAL PROPERTY-HOME BUYING REFORM | ||
| 942 | _n0 | ||
| 999 |
_c78188 _d78188 |
||